| 000 | 00438nam a22001697a 4500 | ||
|---|---|---|---|
| 999 |
_c704 _d704 |
||
| 005 | 20210915162127.0 | ||
| 008 | 160513b xxu||||| |||| 00| 0 eng d | ||
| 020 | _a81-224-0189-9 | ||
| 041 | _aeng | ||
| 082 | _b1828 | ||
| 100 |
_aV.K. Srivastava G.V. Shenay S.S. Sharma _9541 |
||
| 245 | _aQuantitative Techniques for Managerial Decision | ||
| 260 |
_bN.A.I. (P) Ltd. _c2008 |
||
| 300 | _a941 | ||
| 650 |
_aManagement _9241 |
||
| 942 | _cBK | ||